AFL Best 3 Players From Each Team 2020 - Statistics

General Stats
  • This quiz has been taken 128 times
  • The average score is 30 of 54
Answer Stats
Team Position Player % Correct
Carlton Midfielder Patrick Cripps
90%
Brisbane Midfielder Lachie Neale
89%
Geelong Midfielder Patrick Dangerfield
86%
Brisbane Forward Charlie Cameron
82%
Richmond Midfielder Dustin Martin
82%
GWS Forward Jeremy Cameron
82%
Geelong Forward Tom Hawkins
82%
Fremantle Midfielder Nat Fyfe
81%
Brisbane Defender Harris Andrews
75%
Western Bulldogs Midfielder Marcus Bontempelli
75%
Adelaide Forward Tom Lynch
73%
Richmond Forward Tom Lynch
73%
Hawthorn Midfielder Tom Mitchell
72%
Collingwood Defender Darcy Moore
71%
Carlton Forward Eddie Betts
71%
Adelaide Defender Rory Laird
71%
Melbourne Forward Christian Petracca
66%
St Kilda Midfielder Jack Steele
65%
Melbourne Midfielder Max Gawn
63%
Port Adelaide Midfielder Travis Boak
63%
Adelaide Midfielder Brad Crouch
62%
Gold Coast Forward Ben King
61%
Port Adelaide Forward Charlie Dixon
61%
Carlton Defender Jacob Weitering
61%
West Coast Forward Liam Ryan
59%
Fremantle Defender Luke Ryan
59%
Sydney Midfielder Luke Parker
57%
West Coast Defender Jeremy McGovern
56%
Collingwood Midfielder Brodie Grundy
54%
Richmond Defender Dylan Grimes
54%
Gold Coast Midfielder Touk Miller
52%
Essendon Forward Anthony McDonald-Tipungwuti
51%
Fremantle Forward Michael Walters
51%
North Melbourne Midfielder Ben Cunnington
49%
Hawthorn Forward Jack Gunston
49%
Hawthorn Defender James Sicily
49%
Sydney Forward Tom Papley
48%
Western Bulldogs Forward Josh Bruce
44%
Port Adelaide Defender Tom Jonas
43%
West Coast Midfielder Andrew Gaff
42%
Essendon Midfielder Dylan Shiel
42%
GWS Midfielder Stephen Coniglio
41%
North Melbourne Defender Robbie Tarrant
39%
Collingwood Forward Brody Mihocek
38%
Sydney Defender Dane Rampe
38%
GWS Defender Nick Haynes
37%
Geelong Defender Mark Blicavs
35%
Essendon Defender Michael Hurley
34%
North Melbourne Forward Cameron Zurhaar
29%
Melbourne Defender Christian Salem
28%
St Kilda Forward Dan Butler
27%
Western Bulldogs Defender Alex Keath
20%
St Kilda Defender Dougal Howard
19%
Gold Coast Defender Lachie Weller
4%
No matching quizzes found
Score Distribution
Percent of People with Each Score
Percentile by Number Answered
Your Score History
You have not taken this quiz